000 00708cam a22002293a 4500
001 38626
003 PGUSA
005 20140828083842.0
008 120120s2012||||xxu|||||s|||||000 | eng d
040 _aPGUSA
_beng
042 _adc
100 1 _aSpyri, Johanna,
_d1827-1901
245 1 0 _aHeimatlos :
_bTwo stories for children, and for those who love children
_h[electronic resource] /
_cJohanna Spyri
260 _bProject Gutenberg,
_c2012
506 _aPublic domain in the USA.
516 _aElectronic text
700 1 _aRichardson, Frederick,
_d1862-1937
700 1 _aHopkins, Emma Stelter
830 0 _aProject Gutenberg
_v38626
856 4 0 _uhttp://www.gutenberg.org/ebooks/38626
942 _cEB
999 _c267880
_d267880